00308nam a2200097 a 4500008004100000050001300041245003000054246009400084260002300178350000900201120416s2002 ||||||||||||||||| || u aOPEC(02)10aFinancing for development aproceedings of a Workshop of the G-24 held at Nigeria House, New York September 6-7, 2001 aViennabOPECc2002 a0.00